| 000 | 00959nam a2200277Ia 4500 | ||
|---|---|---|---|
| 003 | GCL | ||
| 008 | 140319s9999 xx 000 0 ara d | ||
| 020 | _a6873270977 | ||
| 040 |
_aGCL / _cGCL |
||
| 082 | 0 | 4 |
_aط _b580 _bب ا |
| 100 | 1 | _aباى، سوزان بلاك | |
| 245 | 1 | 0 |
_aالاشياء التى تنمو : كيف يتغذى النبات : الجذور والسيقان / _cباى، سوزان بلاك |
| 700 | 1 | _aديلاج، شارلين | |
| 700 | 1 | _aزكريا القاضى | |
| 250 | _aالاولى | ||
| 260 |
_aالقاهرة : _bالدار المصرية اللبنانية ، _c2005 |
||
| 300 |
_a24 سم ؛ _c20 سم |
||
| 490 |
_aسلسلة الاشياء التى تنمو _v0 |
||
| 650 | 0 | 4 | _aالنباتات |
| 650 | 0 | 4 | _aكتب الاطفال |
| 650 | 0 | 4 | _aالجذور |
| 650 | 0 | 4 | _aالنباتات - تغذية |
| 650 | 0 | 4 | _aالنباتات - اجزاء |
| 650 | 0 | 4 | _aالنباتات - نمو |
| 942 |
_2ddc _cBK |
||
| 999 |
_c9851 _d9851 |
||